Nationality Suffixes of the world with demonym "-ese" - Statistics

General Stats
  • This quiz has been taken 22 times
  • The average score is 16 of 23
Answer Stats
Answer % Correct
China (Chinese)
100%
Japan (Japanese)
95%
Vietnam (Vietnamese)
89%
D.R.Congo (Congolese)
84%
Rep. of Congo (Congolese)
84%
Taiwan (Taiwanese)
84%
Guyana (Guyanese)
79%
Malta (Maltese)
79%
Portugal (Portuguese)
79%
South Sudan (South Sudanese)
79%
Sudan (Sudanese)
79%
Togo (Togolese)
74%
Nepal (Nepalese)
68%
Suriname (Suriname)
68%
Bhutan (Bhutanese)
63%
San Marino (Sammarinese)
58%
Senegal (Senegalese)
58%
Lebanon (Lebanese)
53%
Marshall Islands (Marshallese)
53%
Myanmar (Burmese)
53%
Benin (Beninese)
42%
Gabon (Gabonese)
42%
East Timor (Timorese)
37%
No matching quizzes found
Score Distribution
Percent of People with Each Score
Percentile by Number Answered
Your Score History
You have not taken this quiz